Seven Deadly Sins Personnages par Images - Statistiques

Statistiques générales
  • Ce quiz a été pris 509 fois
    131 depuis la dernière actualisation
  • Le résultat moyen est 40 sur 242
Statistiques - réponses
Par images Réponse % Correct
Ban
98%
Meliodas
98%
Escanor
96%
Escanor
96%
Diane
94%
King (Harlequin / Arlequin)
94%
Merlin
94%
Elizabeth Liones
84%
Gowther
81%
Hawk (Mild)
78%
Arthur Pendragon
72%
Hawk Mama
67%
Zeldris
66%
Estaro
61%
Gilthunder
61%
Estarossa
59%
Dreyfus
58%
Mael
57%
Oslo
56%
Galla
55%
Hendrickson
53%
Drole / Dolor
51%
Elaine
51%
Démon Rouge
50%
Jericho
50%
Galand
49%
Démon Gris
47%
Monspeet
47%
Ludociel / Ludeciel
46%
Bartra Liones
45%
Liz
45%
Griamore
44%
Margaret Liones
44%
Zaratras
43%
Derieri
42%
Tristan Liones
42%
Gloxinia
41%
Melascula / Merascylla
41%
Guila
40%
Lancelot
39%
Veronica Liones
38%
Matrona
37%
Roi des Démons
37%
Fraudrin
36%
Tarmiel
36%
Howzer
34%
Percival / Perceval
34%
Divinité Suprême
33%
Helbram
33%
Sariel
29%
Cath Palug
28%
Chandler
27%
Gelda
25%
Grand Albion
25%
Gros Albion
25%
Démon Bleu
24%
Démon Originel
24%
Slader
24%
Démon Orange
23%
Gawain / Gauvain
23%
Wild
23%
Vivian
22%
Démon Vert
21%
Zhivago
21%
Grayroad / Graylord
20%
Nadja Liones
19%
Cusack
17%
Nanashi
16%
Cain Barzad
15%
Démon Blanc
15%
Denzel Liones
15%
Mera
15%
Nasiens
15%
Pelliot
15%
Twigo
15%
Deathpierce
14%
Elizabeth (Déesse)
14%
Gowther (Démon)
14%
Ruin
14%
Gerheade / Gerharde
13%
Rou
13%
Zeal
13%
Anghalhad (Anne)
12%
Dolores
12%
Nerobasta
12%
Simon
12%
Taizoo
12%
Zaneri / Zanelli
12%
Chimera Indura
11%
Démon Argenté
11%
Ellen
11%
Jenna
11%
Marmas
11%
Sin
11%
Golgius
10%
Hugo
10%
Alioni
9%
Dana
9%
Dogedo / Doggett
9%
Donny
9%
Gustaf / Gustav
9%
Theo
9%
Anna
8%
Chion
8%
Dale
8%
Deldry / Deldrey
8%
Guinevere / Guenièvre
8%
Jude
8%
Sol / Zol
8%
Bellion
7%
Mead
7%
Arden
6%
Démon Cuivré
6%
Démon Ocre
6%
Friesia / Freesia
6%
Ironside
6%
Rosa
6%
Selion
6%
Caroline Liones
5%
Dumbelbas / Dumblebas
5%
Elizabeth (Tribu Sauvage)
5%
Invisible
5%
Jade
5%
Jillian
5%
Pellegarde
5%
Ren
5%
Varghese
5%
Wandle
5%
Zalpa / Zarpa
5%
Calmadios / Karmadios
4%
Della
4%
Ellatt
4%
Ende
4%
Gilfrost
4%
Kilia
4%
Melagaland
4%
Puora
4%
Sennett
4%
Sylvan
4%
Torah
4%
Waillo / Waiyo
4%
Weinheidt
4%
Arbus
3%
Calzzo
3%
Dahlia
3%
Daymond
3%
Diodora
3%
Eric
3%
Isolde
3%
Izraf
3%
Jigumo
3%
Katz
3%
Luigi
3%
Mod
3%
Orlondi
3%
Raizer
3%
Salamander
3%
Silver
3%
Solaad / Sorada
3%
Sylph
3%
Thetis
3%
Zarura N'Du
3%
Zeno
3%
Aldrich
2%
Ancien (Gowther)
2%
Andre
2%
Aranak
2%
Baruja
2%
Behemoth
2%
Bob
2%
Darak
2%
Derocchio
2%
Dolchomonte
2%
Dolzzo
2%
Elva
2%
Ganne
2%
Gannon
2%
Gnome
2%
Jelamet
2%
Kaide
2%
Mortlach
2%
Muramo
2%
Ordo
2%
Peronia
2%
Pump
2%
Quazzo
2%
Rajine
2%
Ruiz
2%
Sleipnir
2%
Solaseed
2%
Talisker
2%
Tanto
2%
Thomas
2%
Undine
2%
Zoria
2%
Aboru
1%
Annie
1%
Arakdo
1%
Ardbeg
1%
Asyl
1%
Atollah
1%
Bête du Testament
1%
Bianchi
1%
Brackla
1%
Brigit
1%
Burgie
1%
Calden
1%
Cernunnos (Cerrie)
1%
Cisca
1%
Connie
1%
Dahaaka
1%
Dim
1%
Doronach
1%
Dubs
1%
Edda
1%
Edlin
1%
Elgin
1%
Fiddich
1%
Gallow
1%
Glariza
1%
Glenesk
1%
Haifan
1%
Hansen
1%
Ibaya
1%
Ioradio Velviger
1%
Kilbeggan
1%
Livet
1%
Lochranza
1%
Macduff
1%
Malik
1%
Nob
1%
Nora
1%
Parada
1%
Rosebank
1%
Rothes
1%
Schwarz
1%
Tamdhu
1%
Tantal
1%
Teaninich
1%
Tomintoul
1%
Turret
1%
Vaness
1%
Aucun quiz correspondant
Distribution des résultats
% des personnes avec chaque résultat
Percentile par nombre de réponses
Votre historique - résultats
Vous n’avez pas pris ce quiz depuis la dernière actualisation